00834nam a22002177a 4500999001900000005001700019010001500036020002700051035001400078037001300092082001200105100002300117245012300140260004500263270006700308300002400375500005000399700001700449942002600466952012400492 c170032d17003220191210125302.0 aENG-127050 c1100.00a9780199494255 aEN-110582 bDBAD/PUB a324.954 aUjjwal Kumar Singh aElection commission of India :cby Ujjwal Kumar Singh [and] Anupama Roybinstitutionalising democratic uncertainties / aNew DelhibOxford University Pressc2019 a22 Workspace, 2nd Floor, 1/22 Asaf Ali RoadbNew Delhie110002 avii;365p.c22cm(Hb) aIncludes bibliographical references and index aRoy, Anupama 2ddccENh324.954mUJJ 001040708NFICaBNbBNd2019-12-10eDBAD/PUBg1100.00l0o324.954 UJJpEN-110582r2019-12-10 00:00:00t1v1100.00yEN